[Event "Bohumin op-A 8th"]
[Site "Bohumin"]
[Date "2025.06.30"]
[Round "4"]
[White "Sikora, Jan"]
[Black "Buchtova, Viktorie"]
[Result "1-0"]
[WhiteElo "2116"]
[BlackElo "1926"]
[PlyCount "107"]
[EventDate "2025.06.28"]
[EventType "swiss"]
[EventRounds "9"]
[EventCountry "CZE"]
[SourceTitle "CB28_2025"]
[SourceDate "2025.07.09"]
[SourceVersion "1"]
[SourceVersionDate "2025.07.09"]
[SourceQuality "1"]

1. b3 Nf6 2. Bb2 d5 3. e3 Bf5 4. Nf3 e6 5. d4 Nbd7 6. Nbd2 Be7 7. Be2 h6 8. c4 0-0 9. 0-0 Ne4 10. Nxe4 Bxe4 11. cxd5 exd5 12. Qd2 c6 13. Bc3 Bd6 14. Bb4 Qc7 15. Bxd6 Qxd6 16. Rfc1 f5 17. Ne5 Nxe5 18. dxe5 Qxe5 19. f3 Rae8 20. Re1 c5 21. fxe4 fxe4 22. Rf1 d4 23. Rxf8+ Rxf8 24. Bc4+ Kh8 25. exd4 cxd4 26. Rf1 Rd8 27. Qb4 d3 28. Rf8+ Rxf8 29. Qxf8+ Kh7 30. Qg8+ Kg6 31. Qd5 Kf6 32. Qf7+ Kg5 33. g3 Qf6 34. Qxf6+ gxf6 35. Kf2 f5 36. Ke3 b6 37. Be6 Kf6 38. Bd7 Kg5 39. Be8 h5 40. Bd7 Kg4 41. Be6 Kg5 42. h3 Kf6 43. Bc8 Kg5 44. Bd7 Kf6 45. h4 Kg6 46. Be8+ Kh6 47. b4 a6 48. a3 a5 49. bxa5 bxa5 50. a4 Kh7 51. Bxh5 Kg7 52. Be8 Kh6 53. Bd7 Kg6 54. h5+ 1-0

[Event "Skalica op"]
[Site "Skalica"]
[Date "2024.08.09"]
[Round "8"]
[White "Sikora, Jan"]
[Black "Ocelak, Jakub"]
[Result "1-0"]
[WhiteElo "2078"]
[BlackElo "2223"]
[PlyCount "109"]
[EventDate "2024.08.03"]
[EventType "swiss"]
[EventRounds "9"]
[EventCountry "SVK"]
[SourceTitle "CBM 221 Extra"]
[Source "ChessBase"]
[SourceDate "2024.09.30"]
[SourceVersion "1"]
[SourceVersionDate "2024.09.30"]
[SourceQuality "1"]

1. e4 e6 2. d4 d5 3. Nd2 c5 4. Ngf3 cxd4 5. exd5 Qxd5 6. Bc4 Qc5 7. Qe2 Nc6 8. Nb3 Qb6 9. 0-0 Nge7 10. Rd1 Nf5 11. Bb5 a6 12. Bxc6+ Qxc6 13. Nbxd4 Nxd4 14. Nxd4 Qc7 15. Rd3 Bd6 16. Qh5 Bd7 17. Bg5 h6 18. Rad1 g6 19. Qh4 Bxh2+ 20. Kh1 Be5 21. Bf6 g5 22. Bxe5 Qxe5 23. Nf3 gxh4 24. Nxe5 Bc6 25. Nxc6 bxc6 26. Rc3 Rg8 27. Rxc6 Rg4 28. b3 Ke7 29. Rc7+ Kf6 30. Rcd7 Rag8 31. Rg1 Rf4 32. Rd2 Rg5 33. Kh2 Rd5 34. Rgd1 Ke5 35. c4 Rc5 36. Re1+ Kf5 37. Kh3 a5 38. f3 a4 39. Rd7 Kf6 40. Re4 Rxe4 41. fxe4 axb3 42. axb3 Ke5 43. Rxf7 Kxe4 44. Kxh4 Kd4 45. Rf4+ Kc3 46. Rf3+ Kd2 47. Rf6 e5 48. Kg4 Kc3 49. Rb6 e4 50. Kf4 Kd3 51. Rxh6 Rc8 52. Rd6+ Kc3 53. Kxe4 Kxb3 54. g4 Rc5 55. Kf4 1-0

[Event "CZE-chT1E 2324"]
[Site "Czech Republic"]
[Date "2024.02.04"]
[Round "7.4"]
[White "Stocek, Martin"]
[Black "Sikora, Jan"]
[Result "1/2-1/2"]
[WhiteElo "2120"]
[BlackElo "2124"]
[PlyCount "65"]
[EventDate "2023.10.22"]
[EventType "team-tourn"]
[EventRounds "11"]
[EventCountry "CZE"]
[SourceTitle "EXT 2025"]
[Source "ChessBase"]
[SourceDate "2024.10.14"]
[SourceVersion "1"]
[SourceVersionDate "2024.10.14"]
[SourceQuality "1"]
[WhiteTeam "Polabiny II"]
[BlackTeam "Trinec"]
[WhiteTeamCountry "CZE"]
[BlackTeamCountry "CZE"]

1. d4 Nf6 2. c4 e6 3. Nf3 b6 4. a3 Ba6 5. Qc2 c5 6. Bg5 cxd4 7. Nxd4 Nc6 8. Nxc6 dxc6 9. g3 Be7 10. Bg2 Qc8 11. 0-0 Bb7 12. Nc3 0-0 13. Ne4 c5 14. Nxf6+ Bxf6 15. Bxf6 gxf6 16. Bxb7 Qxb7 17. Rad1 Rfd8 18. Rd3 Rxd3 19. Qxd3 Qe7 20. Rd1 Rc8 21. h4 f5 22. Qd7 Rc7 23. Qxe7 Rxe7 24. Kg2 Kg7 25. Kf3 Kf6 26. Rd8 Rb7 27. a4 Ke7 28. Rd2 Rb8 29. b3 Rg8 30. e3 h5 31. Kf4 Rg4+ 32. Kf3 Rg8 33. Kf4 1/2-1/2

[Event "CZE-chT1E 2324"]
[Site "Czech Republic"]
[Date "2023.12.10"]
[Round "4.6"]
[White "Mostek, Jan"]
[Black "Sikora, Jan"]
[Result "1/2-1/2"]
[WhiteElo "1967"]
[BlackElo "2124"]
[PlyCount "145"]
[EventDate "2023.10.22"]
[EventType "team-tourn"]
[EventRounds "11"]
[EventCountry "CZE"]
[SourceTitle "EXT 2025"]
[Source "ChessBase"]
[SourceDate "2024.10.14"]
[SourceVersion "1"]
[SourceVersionDate "2024.10.14"]
[SourceQuality "1"]
[WhiteTeam "Vlcnov"]
[BlackTeam "Trinec"]
[WhiteTeamCountry "CZE"]
[BlackTeamCountry "CZE"]

1. d4 Nf6 2. Bf4 d5 3. e3 c5 4. c3 Nc6 5. Nd2 e6 6. Bd3 Be7 7. Ngf3 0-0 8. Ne5 Bd7 9. h4 Qb6 10. Rb1 cxd4 11. exd4 Rfd8 12. g4 Be8 13. g5 Nxe5 14. Bxe5 Nd7 15. Nf3 Nxe5 16. Nxe5 Bd6 17. f4 Qc7 18. Rg1 b5 19. h5 b4 20. cxb4 Bxb4+ 21. Kf2 Rac8 22. Ke3 Bd6 23. Qg4 Bxe5 24. fxe5 Qe7 25. h6 g6 26. Qf4 a6 27. Qf6 Qxf6 28. exf6 Bb5 29. Rgc1 Kf8 30. Bxb5 axb5 31. Rc3 Rc4 32. Rbc1 e5 33. Rxc4 dxc4 34. Rd1 exd4+ 35. Rxd4 Ra8 36. Rd7 Ke8 37. Re7+ Kf8 38. a3 Rb8 39. Kd4 Rd8+ 40. Kc5 Rd2 41. Rb7 Ke8 42. Rxb5 Rc2 43. a4 c3 44. bxc3 Rxc3+ 45. Kb6 Kd7 46. Rd5+ Ke6 47. Rc5 Rb3+ 48. Kc7 Ra3 49. Rc4 Kf5 50. Kd6 Kxg5 51. Ke7 Kxh6 52. Kxf7 Rf3 53. Ke7 g5 54. a5 Re3+ 55. Kf8 Re5 56. f7 Rxa5 57. Rc6+ Kh5 58. Kg7 Ra7 59. Kf6 Ra8 60. Re6 Ra2 61. Kg7 Ra7 62. Kg8 Rxf7 63. Kxf7 Kg4 64. Kf6 Kf4 65. Ra6 g4 66. Ra4+ Kf3 67. Kf5 g3 68. Rf4+ Ke2 69. Rg4 Kf2 70. Kg5 g2 71. Kh6 g1R 72. Rxg1 Kxg1 73. Kxh7 1/2-1/2